| 000 | 01010cam a2200241 4500 | ||
|---|---|---|---|
| 001 | WB3919-03 | ||
| 008 | 030520n2003 000 0 eng u | ||
| 035 | _a(Sirsi) u122338 | ||
| 245 | _aForecasters make u-turn on values | ||
| 260 | _c2003 | ||
| 490 |
_aEstates Gazette _v(0320) 17 May 2003, 47(1) |
||
| 520 | _aThe latest survey by Investment Property Forum (IPF) and "Estates Gazette" reveals that forecasters are now more pessimistic than they were in January 2003. Rental growth and capital values are expected to fall although a certain amount of doubt means that there is wide range of predictions between the least and most optimistic. For the full survey see the IPF website, http://www.ipf.org.uk. | ||
| 590 | _aWB | ||
| 650 | _aPROPERTY RETURNS | ||
| 650 | _aPROPERTY FORECASTS | ||
| 650 | _aRENTAL GROWTH | ||
| 650 | _aCAPITAL VALUES | ||
| 650 | _aPROPERTY ADVISORS | ||
| 650 | _aFUND MANAGERS | ||
| 650 | _aEQUITY BROKERS | ||
| 690 | _aPROPERTY-COMMERCIAL PROPERTY | ||
| 942 | _n0 | ||
| 999 |
_c72704 _d72704 |
||